<?xml version="1.0" encoding="UTF-8"?>
<record
    xmlns:xsi="http://www.w3.org/2001/XMLSchema-instance"
    xsi:schemaLocation="http://www.loc.gov/MARC21/slim http://www.loc.gov/standards/marcxml/schema/MARC21slim.xsd"
    xmlns="http://www.loc.gov/MARC21/slim">

  <leader>00640na  a2200217   4500</leader>
  <controlfield tag="001">19578</controlfield>
  <controlfield tag="003">MIRAKIL</controlfield>
  <controlfield tag="005">20181213155052.0</controlfield>
  <controlfield tag="008">161219b        tu            000 0      </controlfield>
  <datafield tag="040" ind1=" " ind2=" ">
    <subfield code="a">Milas</subfield>
    <subfield code="b">tur</subfield>
    <subfield code="c">TR-AnCHP</subfield>
  </datafield>
  <datafield tag="041" ind1=" " ind2=" ">
    <subfield code="a">tur</subfield>
  </datafield>
  <datafield tag="082" ind1=" " ind2=" ">
    <subfield code="a">370.7309561</subfield>
    <subfield code="b">T96 2005</subfield>
  </datafield>
  <datafield tag="090" ind1=" " ind2=" ">
    <subfield code="a">370.7309561 T96 2005</subfield>
  </datafield>
  <datafield tag="245" ind1=" " ind2=" ">
    <subfield code="a">T&#xFC;rkiye'de &#xFC;niversiteye giri&#x15F; sistemi ara&#x15F;t&#x131;rmas&#x131;</subfield>
    <subfield code="b">sonu&#xE7; raporu</subfield>
    <subfield code="c">TED</subfield>
  </datafield>
  <datafield tag="260" ind1=" " ind2=" ">
    <subfield code="a">Ankara</subfield>
    <subfield code="b">TED</subfield>
    <subfield code="c">2005</subfield>
  </datafield>
  <datafield tag="300" ind1=" " ind2=" ">
    <subfield code="a">314 s.</subfield>
    <subfield code="b">tbl.</subfield>
    <subfield code="c">30 sm.</subfield>
  </datafield>
  <datafield tag="650" ind1=" " ind2=" ">
    <subfield code="a">&#xDC;niversiteler</subfield>
    <subfield code="x">Giri&#x15F; s&#x131;navlar&#x131;</subfield>
  </datafield>
  <datafield tag="650" ind1=" " ind2=" ">
    <subfield code="a">E&#x11F;itim</subfield>
    <subfield code="x">Y&#xFC;ksek &#xF6;&#x11F;retim</subfield>
    <subfield code="y">Ara&#x15F;t&#x131;rmalar</subfield>
  </datafield>
  <datafield tag="710" ind1=" " ind2=" ">
    <subfield code="a">T&#xFC;rk E&#x11F;itim Vakf&#x131;</subfield>
  </datafield>
  <datafield tag="942" ind1=" " ind2=" ">
    <subfield code="2">dcc</subfield>
    <subfield code="c">BKS</subfield>
  </datafield>
  <datafield tag="952" ind1=" " ind2=" ">
    <subfield code="a">0001</subfield>
    <subfield code="b">0001</subfield>
    <subfield code="d">2016-12-19</subfield>
    <subfield code="e">2</subfield>
    <subfield code="l">0</subfield>
    <subfield code="o">370.7309561 T96 2005</subfield>
    <subfield code="p">011630</subfield>
    <subfield code="r">2016-12-19 00:00:00</subfield>
    <subfield code="v">0.00</subfield>
    <subfield code="w">2016-12-19</subfield>
    <subfield code="y">BKS</subfield>
  </datafield>
  <datafield tag="952" ind1=" " ind2=" ">
    <subfield code="a">0001</subfield>
    <subfield code="b">0001</subfield>
    <subfield code="d">2016-12-19</subfield>
    <subfield code="e">2</subfield>
    <subfield code="l">0</subfield>
    <subfield code="o">370.7309561 T96 2005</subfield>
    <subfield code="p">011635</subfield>
    <subfield code="r">2016-12-19 00:00:00</subfield>
    <subfield code="t">k.2</subfield>
    <subfield code="v">0.00</subfield>
    <subfield code="w">2016-12-19</subfield>
    <subfield code="y">BKS</subfield>
  </datafield>
  <datafield tag="999" ind1=" " ind2=" ">
    <subfield code="c">5980</subfield>
    <subfield code="d">5980</subfield>
  </datafield>
</record>
